000 00707naa a2200169 i 4500
001 8758
003 KOSZ 005
005 20180303103703.0
008 180302s2007 pl | f |000 ||eng d
040 _cKOSZ 005/HR
_aKOSZ 005/HR
041 _aeng
100 1 _aJAKÓBCZAK, Dariusz.
_d1998 - .
_bPolitechnika Koszalińska - Wydział Elektroniki i Informatyki,
_cKatedra Telekomunikacji
245 1 0 _aHurwitz-Radon Radon Operator in monochromatic medical image reconstruction /
_cDariusz Jakóbczak, W. Kosiński.
500 _aDane z bibliografii załącznikowej.
773 0 _iW :
_tJournal of Medical Informatics & Technologies. -
_dKatowice : US. -
_g2007, vol.11, s. 69-78
_x1642-6037
942 _cART
_2UKD
999 _c8758
_d8758